000 00900pam a2200265 a 4500
001 3804582
003 NUST-PNEC
005 20170116180711.0
008 850405s1986 nyua 001 0 eng
010 _a 85008200
020 _a0831111615
040 _cPNEC
050 0 0 _aTJ1165
_b.S845 1986
082 0 0 _a670.423 STU
100 _9540
_aHoffman, Edward G.
245 0 0 _aStudent's shop reference handbook /
_ccompiled by Edward G. Hoffman.
250 _a1st ed.
260 _aNew York :
_bIndustrial Press,
_cc1986.
300 _avii, 531 p. :
_bill. ;
_c19 cm.
500 _aIncludes index http://www.amazon.com/Students-Reference-Handbook-Edward-Hofman/dp/0831111615/ref=sr_1_1?s=books&ie=UTF8&qid=1412920516&sr=1-1&keywords=0831111615
650 0 _aMachine-shop practice
_xME
700 1 _aHoffman, Edward G.
906 _a7
_bcbc
_corignew
_d1
_eocip
_f19
_gy-gencatlg
942 _2ddc
_cBK
999 _c60960
_d60960